Southville International School and Colleges
Your cart is empty.
  • Cart
  • Lists
    Public lists Eva Luna New books Lux_list list_1
    Your lists Log in to create your own lists
  • Log in to your account
  • Your cookies
  • Search history
Southville International School and Colleges
  • Advanced search
  • Recent comments
  • Most popular
  • Libraries

Log in to your account

Log in with GOOGLE


If you do not have an external account, but do have a local account, you can still log in:

  1. Home
  2. MARC view: Comprehension strategies 3.
Normal view MARC view ISBD view

Comprehension strategies 3. (Record no. 115086)

[ view plain ]
MARC details
000 -LEADER
fixed length control field 00639nam a2200241 a 4500
005 - DATE AND TIME OF LATEST TRANSACTION
control field 20140414132121.0
008 - FIXED-LENGTH DATA ELEMENTS--GENERAL INFORMATION
fixed length control field 120906s19uu xx 00 eng d
020 ## - INTERNATIONAL STANDARD BOOK NUMBER
International Standard Book Number 9789814151580
050 ## - LIBRARY OF CONGRESS CALL NUMBER
Classification number TR 372.4
Item number C736 2008
245 ## - TITLE STATEMENT
Title Comprehension strategies 3.
260 ## - PUBLICATION, DISTRIBUTION, ETC. (IMPRINT)
Place of publication, distribution, etc Perth, Western Australia :
Name of publisher, distributor, etc Learners Pub,
Date of publication, distribution, etc 2008.
300 ## - PHYSICAL DESCRIPTION
Extent 144
650 ## - SUBJECT ADDED ENTRY--TOPICAL TERM
Topical term or geographic name as entry element Reading-comprehension-activities.
700 ## - ADDED ENTRY--PERSONAL NAME
Personal name Gurr, Brenda
700 ## - ADDED ENTRY--PERSONAL NAME
Personal name Noble, Janine
700 ## - ADDED ENTRY--PERSONAL NAME
Personal name Phillips, Geraldine
700 ## - ADDED ENTRY--PERSONAL NAME
Personal name Pullen, Noeline
700 ## - ADDED ENTRY--PERSONAL NAME
Personal name Taborda, Deborah
700 ## - ADDED ENTRY--PERSONAL NAME
Personal name Tuffin,Diane
Holdings
Withdrawn status Lost status Damaged status Home library Current library Shelving location Date acquired Source of acquisition Total Checkouts Full call number Barcode Date last seen Price effective from Koha item type
      Munich Library Munich Library Teachers Reference Section 09/06/2012     TR 372.4 C736 2008 M7079 04/14/2014 04/14/2014 Books
      Munich Library Munich Library Teachers Reference Section 09/06/2012     TR 372.4 C736 2008 M7080 04/14/2014 04/14/2014 Books
      Munich Library Munich Library Teachers Reference Section 09/06/2012     TR 372.4 C736 2008 M7081 04/14/2014 04/14/2014 Books

Comprehension strategies 3.

APA

Gurr B., Noble J., Phillips G., Pullen N., Taborda D. & Tuffin D. (2008). Comprehension strategies 3. Perth, Western Australia: Learners Pub.

Chicago

Gurr Brenda, Noble Janine, Phillips Geraldine, Pullen Noeline, Taborda Deborah and Tuffin Diane. 2008. Comprehension strategies 3. Perth, Western Australia: Learners Pub.

Harvard

Gurr B., Noble J., Phillips G., Pullen N., Taborda D. and Tuffin D. (2008). Comprehension strategies 3. Perth, Western Australia: Learners Pub.

MLA

Gurr Brenda, Noble Janine, Phillips Geraldine, Pullen Noeline, Taborda Deborah and Tuffin Diane. Comprehension strategies 3. Perth, Western Australia: Learners Pub. 2008.

  • Place hold
  • Print
  • Cite
  • Add to your cart (remove)
  • Save record
    BIBTEX Dublin Core MARCXML MARC (non-Unicode/MARC-8) MARC (Unicode/UTF-8) MARC (Unicode/UTF-8, Standard) MODS (XML) RIS
  • More searches
    Search for this title in:
    Other Libraries (WorldCat) Other Databases (Google Scholar) Online Stores (Bookfinder.com) Open Library (openlibrary.org)

Exporting to Dublin Core...

SOUTHVILLE LIBRARY

Southville International School and Colleges Library

1281 Tropical Ave. Cor. Luxembourg St., BF Homes International, Las Pinas City

Tel. No. 8256374 / 252358 Loc. 117/146

Powered by Koha